| 000 | 00603nam a2200205 u 4500 | ||
|---|---|---|---|
| 005 | 20240229063545.0 | ||
| 008 | 100601s2007 r 000 0 eng d | ||
| 020 | _a9789870408079 | ||
| 035 | _aUPN01000176256 | ||
| 049 | _aI | ||
| 050 | 4 |
_aPZ74.9 _bR5.8 |
|
| 100 | 1 | _aRithner, Juan Raúl | |
| 245 | 1 | 0 |
_aUna de amor / _cJuan Raúl Rithner ; il. de Carolina Farías. |
| 260 |
_aBuenos Aires : _bAlfaguara, _c2007. |
||
| 300 |
_a112 p. : _bil. |
||
| 440 | 0 | _aAlfaguara infantil | |
| 650 | 4 |
_aLiteratura infantil argentina _97511 |
|
| 650 | 4 |
_aAMOR - _vLITERATURA INFANTIL _911101 |
|
| 905 | _aInfantil | ||
| 999 |
_c148359 _d148359 |
||